000 004730000a22001690004500
003 MACL
005 20160305121628.0
008 160305b xxu||||| |||| 00| 0 eng d
040 _aMACL
_cMACL
041 _aHindi
082 _a891.431
245 _aउत्‍तररामचरित
260 _bराजपाल एण्‍ड सन्‍ज
_c1957
_aनई दिल्‍ली
350 _a2
650 _aDrawing
_942938
942 _cHIN
_k891.432
_2ddc
999 _c25425
_d25425